|
|
|
|
| LEADER |
00000nam0a2200000 4500 |
| 001 |
302589 |
| 005 |
20231102001522.0 |
| 035 |
|
|
|a (RuTPU)RU\TPU\book\327796
|
| 090 |
|
|
|a 302589
|
| 100 |
|
|
|a 20150824d1982 k y0rusy50 ca
|
| 101 |
0 |
|
|a rus
|
| 102 |
|
|
|a KZ
|
| 105 |
|
|
|a a z 001zy
|
| 200 |
1 |
|
|a Прикладная ядерная физика
|e сборник статей
|f Казахский государственный университет (КазГУ) ; под ред. С. Е. Ерматова
|
| 210 |
|
|
|a Алма-Ата
|c Изд-во КазГУ
|d 1982
|
| 215 |
|
|
|a 161 с.
|c ил.
|
| 320 |
|
|
|a Библиография в конце статей
|
| 606 |
1 |
|
|a Ядерная физика
|2 stltpush
|3 (RuTPU)RU\TPU\subj\21560
|9 46524
|
| 610 |
1 |
|
|a ядерно-физические методы
|
| 610 |
1 |
|
|a атомные ядра
|
| 610 |
1 |
|
|a космические лучи
|
| 610 |
1 |
|
|a вариации
|
| 610 |
1 |
|
|a взаимодействие с веществом
|
| 610 |
1 |
|
|a каскадно-вероятностный метод
|
| 610 |
1 |
|
|a прикладные аспекты
|
| 675 |
|
|
|a 539.14
|v 4
|
| 702 |
|
1 |
|a Ерматов
|b С. Е.
|g Садуакас Ермасович
|4 340
|
| 712 |
0 |
2 |
|a Казахский государственный университет (КазГУ)
|c (Алма-Ата)
|2 stltpush
|3 (RuTPU)RU\TPU\col\8922
|
| 801 |
|
1 |
|a RU
|b 63413507
|c 20150824
|
| 801 |
|
2 |
|a RU
|b 63413507
|c 20190408
|g RCR
|
| 942 |
|
|
|c BK
|